000 00597nam a2200193Ia 4500
003 OSt
005 20260129153204.0
008 250729s2007 xx 000 0 und d
040 _cAL
041 _akan
082 _a320 PRAB
100 _aಪ್ರಸಾದ್ ಎಂ ಪಿ ಭುವನೇಶ್ವರ
_9228091
245 _aಭಾರತ ಸಂವಿಧಾನದಲ್ಲಿಯ ಮೂಲಭೂತ ಹಕ್ಕುಗಳು
260 _aಬೆಂಗಳೂರು
_c2007
300 _a91p
650 _aPolitical Science
_9228092
700 _aಪ್o Digumurthi
_9228093
942 _2ddc
_cBED
999 _c237878
_d237878